Lettres philosophiques /

Bibliographic Details
Main Author: Voltaire, 1694-1778
Format: Book
Language:French
Published: Paris : Garnier-Flammarion, [1964]
Series:Texte integral ; 15
Subjects:

MARC

Tag First Indicator Second Indicator Subfields
LEADER 00000cam a2200000 a 4500
001 in00001065813
005 20150929101059.0
008 720623s1964 fr 000 0 fre d
035 |a (OCoLC)00339442 
035 |9 AFP0933AM 
040 |a WSU  |c WSU  |d m.c.  |d OCL  |d ZQM  |d TXX  |d TXA  |d UtOrBLW 
043 |a e-uk-en 
045 0 |a v0v9 
049 |a TXAM 
090 |a PQ2086  |b .L4 1964 
092 |a 843.5 
100 1 |a Voltaire,  |d 1694-1778. 
245 1 0 |a Lettres philosophiques /  |c Voltaire ; chronologie et préface par René Pomeau. 
264 1 |a Paris :  |b Garnier-Flammarion,  |c [1964] 
264 4 |c ©1964 
300 |a 188 pages ;  |c 18 cm. 
336 |a text  |b txt  |2 rdacontent 
337 |a unmediated  |b n  |2 rdamedia 
338 |a volume  |b nc  |2 rdacarrier 
490 0 |a Texte integral ;  |v 15 
600 1 0 |a Voltaire,  |d 1694-1778  |x Travel  |z England. 
651 0 |a Great Britain  |x Intellectual life  |y 18th century. 
651 0 |a Great Britain  |x Religion  |y 18th century. 
650 0 |a English literature  |y 18th century  |x History and criticism. 
999 |a MARS 
999 f f |s 70a0ab30-7cf5-3c2c-a27d-e5aeb9519616  |i 8135d281-a700-3e00-ab83-b4b32529f03c  |t 0 
952 f f |p normal  |a Texas A&M University  |b College Station  |c Sterling C. Evans Library  |d Evans: Library Stacks  |t 0  |e PQ2086 .L4 1964  |h Library of Congress classification  |i unmediated -- volume  |m A14815657754 
998 f f |a PQ2086 .L4 1964  |t 0  |l Evans: Library Stacks